Resepi DIET SIHAT

Bibliographic Details
Main Authors: Aizat Razak (Author), Sharini Sepuan (Author)
Format: Book
Language:Malay
Published: Shah Alam, Selangor : Grup Buku Karangkraf Sdn. Bhd. 2019
Subjects:

MARC

LEADER 00000cam a2200000 7i4500
001 0000004816
005 20240419.0
008 200515 my o may
020 |a 9789678609104 
040 |a INS   |b eng   |e rda 
090 0 0 |a RM219   |b .A49 2019 
100 0 |a Aizat Razak ,   |e author 
245 1 0 |a Resepi DIET SIHAT   |c Aizat Razak & Sharini Sepuan 
264 1 |a Shah Alam, Selangor :   |b Grup Buku Karangkraf Sdn. Bhd.   |c 2019 
300 |a 115 pages :   |b colour photographs ;   |c 25 cm. 
336 |a text  |2 rdacontent 
337 |a unmediated  |2 rdamedia 
338 |a volume  |2 rdacarrier 
650 0 |a Cookery 
650 0 |a Diet therapy 
650 0 |a Nutrition 
700 0 |a Sharini Sepuan ,   |e author 
999 |a 1000003919   |b BOOK   |c Open Shelf   |e Default branch